Učíme se programovat v jazyce C : Základ pro programování v C++,C#,Javě,JavaScriptu,PHP a jiných jazycích
Salvato in:
| Autore principale: | |
|---|---|
| Natura: | Libro |
| Lingua: | ceco |
| Pubblicazione: |
Brno :
CP Books,
2005
|
| Edizione: | 2.vyd. |
| Soggetti: | |
| Tags: |
Nessun Tag, puoi essere il primo ad aggiungerne!!
|
MARC
| LEADER | 00000nam a22000003a 4500 | ||
|---|---|---|---|
| 001 | stu99193 | ||
| 005 | 20150617225818.0 | ||
| 008 | 051206s2005----xr------------------cze-d | ||
| 020 | |a 80-7226-715-9 | ||
| 040 | |a STU |b slo | ||
| 041 | 0 | |a cze | |
| 044 | |a xr | ||
| 080 | |a 519.682 | ||
| 080 | |a 004.43 | ||
| 100 | 1 | |a Kadlec, Václav |4 aut | |
| 245 | 1 | |a Učíme se programovat v jazyce C : |b Základ pro programování v C++,C#,Javě,JavaScriptu,PHP a jiných jazycích | |
| 250 | |a 2.vyd. | ||
| 260 | |a Brno : |b CP Books, |c 2005 | ||
| 300 | |a 277 s | ||
| 650 | 7 | |a programovacie jazyky |2 stusub | |
| 996 | |b 284EK88116 |c E*88116 |l EE22 |s P |a 0 |w stu99193_0001 | ||
| 996 | |b 284V024282 |c V*49009/O-21536b |l VVS |s A |a 24 |w stu99193_0003 | ||
| 996 | |b 284V024283 |c V*49008/O-21563a |l VVS |s A |a 24 |w stu99193_0004 | ||
| 996 | |b 284V024284 |c V*49007/O-21563 |l VVT |s A |a 24 |w stu99193_0005 | ||